| 000 | 01004cam a2200277 a 4500 | ||
|---|---|---|---|
| 001 | 17180469 | ||
| 005 | 20170105102839.0 | ||
| 008 | 120224s2013 enka b 001 0 eng | ||
| 010 | _a 2012008149 | ||
| 020 | _a9780415698115 (hbk.) | ||
| 020 | _a9780203099223 (ebook) | ||
| 040 |
_aDLC _cDLC _dDLC |
||
| 050 | 0 | 0 |
_aUA15 _b.Q35 2013 |
| 082 | 0 | 0 |
_a355 _223 |
| 245 | 0 | 0 |
_aQualitative methods in military studies : _bresearch experiences and challenges / _cedited by Helena Carreiras and Celso Castro. |
| 260 |
_aLondon ; _aNew York : _bRoutledge, _cc2013. |
||
| 300 |
_axiii, 189 p. : _bill. ; _c25 cm. |
||
| 504 | _aIncludes bibliographical references and index. | ||
| 650 | 0 | _aArmed forces. | |
| 650 | 0 |
_aSociology, Military _xMethodology. |
|
| 650 | 0 |
_aSociology, Military _xCase studies. |
|
| 700 | 1 |
_aCastro, Celso, _d1963- |
|
| 906 |
_a7 _bcbc _corignew _d1 _eecip _f20 _gy-gencatlg |
||
| 942 |
_2ddc _cBK |
||
| 999 |
_c13794 _d13794 |
||